[Event "CHN-chW 2019"]
[Site "Xinghua"]
[Date "2019.05.22"]
[Round "11.9"]
[White "Chu, Ruotong"]
[Black "Zhu, Jiner"]
[Result "0-1"]
[WhiteElo "2180"]
[BlackElo "2439"]
[Annotator "TA"]
[PlyCount "122"]
[EventDate "2019.05.11"]
[EventType "tourn"]
[EventCountry "CHN"]
[SourceTitle "playchess.com"]
[Source "ChessBase"]
[SourceQuality "1"]

{[%evp 20,122,9,0,0,0,0,0,18,-12,7,0,0,0,0,-6,-3,-6,0,0,-10,-22,22,6,43,14,27,0,0,0,0,0,11,-6,-7,-7,-6,-23,-18,-39,0,-35,-28,-22,-19,-35,-20,-32,-32,-29,-26,-22,-22,-23,-2,-23,-18,-18,-5,-17,-14,-52,-57,-59,-22,-33,-28,-35,-39,-42,-37,-42,-42,-133,-123,-123,-123,-123,-123,-123,-123,-272,-213,-29971,-29972,-29972,-29973,-29974,-29975,-29975,-29976,-29976,-29977,-29977,-29978,-29978,-29978,-29978,-29979,-29978,-29979,-29990,-29989,-29990,-29991]} 1. Nf3 Nf6 2. g3 g6 3. Bg2 Bg7 4. O-O O-O 5. d4 d6 6. Nc3 Nbd7 7. e4 c6 8. a4 e5 9. Re1 Re8 10. h3 Qc7 11. Be3 b6 {B07: Pirc Defence: Miscellaneous Systems} 12. Qd2 Bb7 13. Bh6 Bh8 {[#] The position is equal.} 14. a5 $146 ({Predecessor:} 14. Rad1 Rad8 15. Bg5 Bg7 16. Qc1 a6 17. Bh6 Bh8 {0-1 (39) Galkin,A (2600)-Fedorov,A (2617) playchess.com INT 2006}) 14... Rad8 15. axb6 axb6 16. b4 b5 17. dxe5 dxe5 18. Qe3 Nf8 19. Bxf8 Rxf8 20. Nb1 Nd7 21. Na3 Nb6 22. c4 bxc4 23. Qc5 Rd3 24. Nxc4 Nxc4 25. Qxc4 Qd6 26. b5 cxb5 27. Qxb5 Bc8 28. Nh2 Bg7 29. h4 Rd8 30. Rab1 Qf6 31. Nf1 Bh6 32. Qb6 R3d6 {[%cal Bd3d6,Bd6c6,Bc6c2][%mdl 32]} 33. Qc5 Rc6 34. Qa3 $1 Rc2 35. Qf3 Qxf3 36. Bxf3 Ba6 37. Rbd1 Rb8 {Threatening ...Rbb2.} 38. Rb1 Rbc8 (38... Rxb1 {is more complex.} 39. Rxb1 Rc3 40. Kg2 Bc1 41. Ra1 Bd3) 39. Bd1 Rc1 40. Bg4 Rxb1 41. Rxb1 Rc2 42. Kg2 Bd3 43. Re1 Bf8 44. Re3 Bc5 45. Rxd3 {[#] Threatens to win with Ne3.} Rxf2+ 46. Kg1 (46. Kh3 $15 Rxf1 47. Rd1) 46... Rf3+ 47. Ne3 Rxg3+ 48. Kh2 Rxe3 49. Rxe3 Bxe3 $17 {[%mdl 4096] Endgame KB-KB} 50. h5 {[#]} (50. Kg2 $17) 50... Kg7 $1 $19 51. hxg6 $2 (51. Kh3 $19) 51... fxg6 {Black mates.} 52. Kg3 h5 53. Bd7 Kh6 54. Be8 g5 55. Kf3 Bf4 56. Bf7 g4+ 57. Kg2 Kg5 58. Kf2 h4 59. Be6 h3 60. Bf5 Kh4 61. Be6 g3+ {Accuracy: White = 28%, Black = 62%.} 0-1

[Event "CHN-chW 2019"]
[Site "Xinghua"]
[Date "2019.05.22"]
[Round "11.10"]
[White "Ni, Shiqun"]
[Black "Shen, Yang"]
[Result "1-0"]
[WhiteElo "2439"]
[BlackElo "2449"]
[Annotator "TA"]
[PlyCount "43"]
[EventDate "2019.05.11"]
[EventType "tourn"]
[EventCountry "CHN"]
[SourceTitle "playchess.com"]
[Source "ChessBase"]
[SourceQuality "1"]

{[%evp 17,43,0,0,0,23,35,35,25,54,40,97,97,94,105,116,115,147,145,252,262,625,643,1187,1171,2201,2110,2170,2122]} 1. e4 e5 2. Nf3 Nc6 3. Bc4 Bc5 4. c3 Nf6 5. d4 exd4 6. e5 d5 7. Bb5 Ne4 8. cxd4 Bb6 9. Nc3 O-O 10. Be3 {C54: Giuoco Piano: 4 c3 Nf6, main lines with 5 d4 and 5 d3} Ne7 (10... Ba5 11. Qb3 Bxc3+ 12. bxc3 Na5 13. Qb4 b6 14. O-O Bf5 15. Rfc1 Rc8 16. Ba6 Rb8 17. Bd3 Re8 {½-½ (32) Karjakin,S (2753)-Topalov,V (2740) Shamkir 2019}) 11. Bd3 f5 12. Ne2 {White is slightly better.} Ba5+ 13. Kf1 Ng6 ({Better is} 13... c5 $14) 14. h4 $16 {[#]} f4 $146 ({Predecessor:} 14... Rf7 15. g3 c5 16. h5 Nf8 17. dxc5 Ne6 {1-0 (27) Ponkratov,P (2591)-Bosiocic,M (2607) Mali Losinj 2017}) 15. Bc1 h5 {[#]} 16. Ng5 $1 $36 {[%mdl 2560] Black is under strong pressure.} c6 (16... Nxg5 17. Bxg6) 17. Qb3 Nxg5 (17... f3 $16 18. Bxe4 (18. Nxf3 Bf5 $16) (18. Nxe4 fxe2+ 19. Bxe2 Qb6 $16) (18. gxf3 Nxg5 19. Bxg5 Qe8 $18) 18... fxe2+ 19. Kxe2 Ne7) 18. Bxg6 $18 Ne6 $2 {[#]} (18... Nf7 19. Nxf4 (19. Bxf4 Qb6 $18) 19... Nh6 20. Bxh5 (20. Nxh5 Nf5 $18) 20... Nf5) 19. Qf3 $1 {[%mdl 64] Double Attack. White is clearly winning.} Qc7 20. Qxh5 {[%csl Gg6][%cal Rh5h7]} Rd8 21. Qh7+ Kf8 22. Nxf4 {Accuracy: White = 89%, Black = 25%.} 1-0

[Event "CHN-chW 2019"]
[Site "Xinghua"]
[Date "2019.05.22"]
[Round "11.11"]
[White "Qiu, Mengjie"]
[Black "Huang, Qian"]
[Result "0-1"]
[WhiteElo "2219"]
[BlackElo "2440"]
[Annotator "TA"]
[PlyCount "104"]
[EventDate "2019.05.11"]
[EventType "tourn"]
[EventCountry "CHN"]
[SourceTitle "playchess.com"]
[Source "ChessBase"]
[SourceQuality "1"]

{[%evp 10,104,33,24,24,16,31,18,13,8,8,8,10,13,16,-18,-20,-20,-12,-30,-20,-30,-28,-32,-13,-4,16,10,44,-14,16,0,0,0,0,0,0,4,14,14,9,11,14,0,0,0,60,3,3,8,11,-83,-46,-52,-36,-35,-35,-35,-35,-31,-25,-36,-36,-36,-36,-36,-37,-55,-45,-56,-39,-37,-37,-49,-39,-58,-63,-68,-50,-90,-64,-60,-52,-174,-174,-185,-153,-518,-518,-968,-968,-920,-265,-867,-858,-29998,-29999]} 1. e4 c5 2. Nf3 a6 3. c4 Nc6 4. d4 cxd4 5. Nxd4 e5 6. Nc2 Bc5 {B28: Sicilian: 2 Nf3 a6 (O'Kelly Variation)} 7. Be3 (7. Nc3 {seems wilder.} Nf6 8. Be3 Bxe3 9. Nxe3 d6 10. Bd3) (7. Nc3 d6 8. Be2 Nge7 9. Be3 O-O 10. O-O Be6 11. Qd2 f5 12. Rad1 f4 13. Bxc5 dxc5 14. Na4 Qxd2 15. Rxd2 {½-½ (45) Ter Sahakyan,S (2581)-Artemiev,V (2677) Skopje 2017}) 7... d6 8. Nc3 Be6 {The position is equal.} 9. Be2 Bxe3 10. Nxe3 Nf6 11. O-O O-O 12. Ned5 $146 ({Predecessor:} 12. Qd2 Rc8 13. Rfd1 Nd4 14. f3 Nh5 15. Bf1 Qg5 16. Kh1 {0-1 (75) Sanchez Liecano,S (2282)-Uribe,M (2354) Pamplona 2012}) 12... Bxd5 13. cxd5 Nd4 14. Kh1 Qb6 15. Qd2 Nd7 16. Rad1 Qa5 17. Bg4 Nf6 18. Bh3 b5 19. f4 (19. f3 $14) 19... Qd8 20. fxe5 dxe5 21. Qg5 Re8 {next ...b4 is good for Black.} 22. Qe3 Ra7 23. Ne2 Rc7 24. Nxd4 exd4 25. Rxd4 {And now d6 would win.} Qd6 $1 26. Re1 Rce7 27. Qd3 $1 g6 (27... Re5 $11) 28. a4 ({Better is} 28. g3 $14) 28... Re5 29. axb5 axb5 30. Qxb5 (30. g3 $11) 30... Nxe4 $17 {[#] ( -> ...Nf2+)} 31. Rf1 $1 Rb8 {[%mdl 1024] Black has compensation.} 32. Qc4 Qe7 33. b4 Nd6 34. Qc1 Re3 35. Be6 Rb3 36. Bg4 R3xb4 37. Rxb4 Rxb4 38. Re1 Qf6 39. Bf3 Rb3 40. Rf1 Kg7 41. Qe1 Qd4 42. Qe7 Nf5 43. Qe4 Qc3 44. Rd1 Qf6 45. Qc4 Re3 46. Qc5 (46. Qf4 $15) 46... Qe5 $19 47. Qc1 Nd4 48. d6 $2 (48. Qa1 $17) 48... Nxf3 49. gxf3 (49. Qa1 $142 Qxa1 50. Rxa1) 49... Re2 {[%csl Ge2][%cal Re5h2] [#]} 50. Qa1 Rxh2+ 51. Kg1 Rb2 52. Rd5 Qg3+ 0-1

[Event "CHN-chW 2019"]
[Site "Xinghua"]
[Date "2019.05.22"]
[Round "11.12"]
[White "Ning, Kaiyu"]
[Black "Zhang, Lanlin"]
[Result "1-0"]
[WhiteElo "2256"]
[BlackElo "2181"]
[Annotator "TA"]
[PlyCount "75"]
[EventDate "2019.05.11"]
[EventType "tourn"]
[EventCountry "CHN"]
[SourceTitle "playchess.com"]
[Source "ChessBase"]
[SourceQuality "1"]

{[%evp 21,75,63,63,54,73,49,75,68,75,55,86,77,81,79,89,54,68,29,64,63,66,0,0,0,0,0,370,376,370,335,329,317,327,315,945,498,479,434,786,797,791,792,785,785,781,751,760,749,908,906,892,875,899,889,1035,1014]} 1. d4 Nf6 2. c4 c5 3. d5 b5 4. cxb5 a6 5. bxa6 Bxa6 6. Nc3 d6 7. Nf3 g6 8. e4 Bxf1 9. Kxf1 Bg7 10. g3 O-O 11. Kg2 Qb6 12. Qe2 {A59: Benko/Volga Gambit: White castles by hand} Na6 13. Rd1 Rfb8 (13... Qb7 14. Rb1 Nd7 15. Bg5 Rfe8 16. a3 Nc7 17. Qc2 Nb6 18. a4 Rac8 19. b3 e6 20. dxe6 Nxe6 {1-0 (27) Jakovenko,D (2714)-Zvjaginsev,V (2673) Moscow 2016}) 14. Rb1 {White is better.} Qb7 $146 ({Predecessor:} 14... Nd7 15. Bf4 Nc7 16. e5 Re8 17. b3 Qb7 18. Rbc1 Nb6 19. Qd3 Red8 {1-0 (40) Hort,V (2600)-Gaprindashvili,N (2405) Wijk aan Zee 1979}) 15. Bf4 Nh5 16. Bg5 h6 17. Be3 Nf6 18. h3 Nc7 19. Kh2 Nb5 20. e5 Nd7 21. e6 (21. a4 $1 $14 Nxc3 22. bxc3 Qxb1 23. Rxb1 Rxb1 24. e6) 21... fxe6 $11 {[#]} 22. Bxh6 $1 {[%mdl 512]} Bxh6 23. Qxe6+ Kh8 $2 {[%mdl 8192]} (23... Kg7 $1 $11 {and Black has nothing to worry.}) 24. Qxg6 $18 Bg7 25. Re1 ({Not} 25. Ng5 Nf8 $11) 25... Nf8 26. Qh5+ Kg8 27. Nxb5 {aiming for Nh4.} Rxa2 $2 (27... Qd7 28. Na3 Qe8 29. Qxe8 Rxe8) 28. Re4 {White is clearly winning.} Qd7 29. Rbe1 {[%cal Bb1e1,Be1e2,Be2a2,Ba2a7][%mdl 32]} Qxb5 (29... Qe8 $142 30. Qxe8 Rxe8 31. Nxd6 {[%mdl 64] Pin} Rb8) 30. Rxe7 {Intending Qf7+ and mate.} Qxb2 31. Qf7+ Kh8 {[#]} 32. R1e2 $1 {[%cal Re2b2][%mdl 512]} Qf6 (32... Qxe2 33. Qxg7#) 33. Rxa2 Qxf7 34. Rxf7 c4 35. Raa7 Bb2 36. Rac7 c3 37. Ng5 Re8 {[#]} 38. Rf4 {Played: Ng5-e4} 1-0